Statistiques concernant Pays aléatoires par frontières

Cliquez ici pour prendre le quiz!

Statistiques générales

  • Ce quiz a été pris 39 802 fois
  • Le résultat moyen est 12 sur 20

Statistiques - réponses

FrontièresPays% Correct
Etats-UnisCanada
86%
EspagnePortugal
86%
Corée du NordCorée du Sud
85%
Canada | MexiqueEtats-Unis
84%
Royaume-UniIrlande
83%
Allemagne | Belgique | FranceLuxembourg | Pays-Bas
83%
Finlande | NorvègeSuède
83%
Espagne | FranceAndorre
82%
Allemagne | France | Luxembourg | Pays-BasBelgique
82%
Andorre | France | Maroc | Portugal | Royaume-UniEspagne
79%
Norvège | Russie | SuèdeFinlande
79%
Allemagne | Andorre | Belgique | Brésil | Espagne | Italie | Luxembourg |
Monaco | Pays-Bas | Suisse | Suriname
France
78%
Allemagne | Autriche | France | Italie | LiechtensteinSuisse
78%
Algérie | Espagne | MauritanieMaroc
77%
Algérie | LibyeTunisie
77%
Chine | RussieMongolie
76%
Lettonie | RussieEstonie
75%
Autriche | France | Saint-Marin | Slovénie | Suisse | VaticanItalie
75%
Autriche | Belgique | Danemark | France | Luxembourg | Pays-Bas |
Pologne | République tchèque | Suisse
Allemagne
74%
Chine | Corée du Sud | RussieCorée du Nord
74%
ItalieSaint-Marin | Vatican
74%
Argentine | BrésilUruguay
73%
Belize | Etats-Unis | GuatemalaMexique
72%
Finlande | Russie | SuèdeNorvège
72%
Arabie Saoudite | OmanYémen | Émirats
arabes unis
72%
Bolivie | Brésil | Chili | Paraguay | UruguayArgentine
71%
Argentine | Bolivie | Colombie | France | Guyana | Paraguay | Pérou | Suriname |
Uruguay | Venezuela
Brésil
71%
Argentine | Bolivie | PérouChili
71%
Azerbaïdjan | Biélorussie | Chine | Corée du Nord | Estonie | Finlande | Géorgie |
Kazakhstan | Lettonie | Lituanie | Mongolie | Norvège | Pologne | Ukraine
Russie
71%
Biélorussie | Estonie | Lituanie | RussieLettonie
70%
Brésil | France | GuyanaSuriname
70%
Lettonie | Lituanie | Pologne | Russie | UkraineBiélorussie
69%
Afrique du SudLesotho
68%
FranceMonaco
68%
Argentine | Bolivie | BrésilParaguay
68%
Arabie Saoudite | Émirats arabes unis | YémenOman
67%
Allemagne | Hongrie | Italie | Liechtenstein | République tchèque | Slovaquie |
Slovénie | Suisse
Autriche
66%
Afghanistan | Bhoutan | Birmanie | Corée du Nord | Inde | Kazakhstan |
Kirghizistan | Laos | Mongolie | Népal | Pakistan | Russie | Tadjikistan | Viêt Nam
Chine
66%
AllemagneDanemark
66%
Colombie | PérouÉquateur
66%
Chine | IndeBhoutan | Népal
65%
Argentine | Brésil | Chili | Paraguay | PérouBolivie
65%
Laos | Thaïlande | Viêt NamCambodge
65%
Brésil | Équateur | Panama | Pérou | VenezuelaColombie
65%
Égypte | Jordanie | Liban | SyrieIsraël
65%
Israël | SyrieLiban
65%
Autriche | SuisseLiechtenstein
65%
Biélorussie | Lettonie | Pologne | RussieLituanie
65%
Allemagne | Biélorussie | Lituanie | République tchèque | Russie | Slovaquie | UkrainePologne
65%
Arabie SaouditeQatar
65%
Cambodge | Chine | LaosViêt Nam
65%
Brésil | Suriname | VenezuelaGuyana
64%
Allemagne | Autriche | Pologne | SlovaquieRépublique tchèque
64%
Libye | Mali | Maroc | Mauritanie | Niger | TunisieAlgérie
63%
Émirats arabes unis | Irak | Jordanie | Koweït | Oman | Qatar | YémenArabie Saoudite
63%
Israël | Libye | SoudanÉgypte
63%
Roumanie | UkraineMoldavie
63%
Brésil | Colombie | GuyanaVenezuela
63%
Birmanie | Cambodge | Chine | Thaïlande | Viêt NamLaos
62%
Grèce | Kosovo | Macédoine du Nord | MonténégroAlbanie
61%
Arménie | Azerbaïdjan | Russie | TurquieGéorgie
61%
Albanie | Bulgarie | Macédoine du Nord | TurquieGrèce
61%
République dominicaineHaïti
61%
Bangladesh | Bhoutan | Birmanie | Chine | Népal | PakistanInde
61%
Algérie | Mali | Maroc | SénégalMauritanie
61%
Colombie | Costa RicaPanama
61%
Bolivie | Brésil | Chili | Colombie | ÉquateurPérou
61%
Autriche | Croatie | Hongrie | ItalieSlovénie
61%
Algérie | Égypte | Niger | Soudan | Tchad | TunisieLibye
60%
Afghanistan | Chine | Inde | IranPakistan
59%
HaïtiRépublique dominicaine
59%
Bulgarie | Hongrie | Moldavie | Serbie | UkraineRoumanie
59%
Espagne | IrlandeRoyaume-Uni
59%
Arménie | Azerbaïdjan | Bulgarie | Géorgie | Grèce | Irak | Iran | SyrieTurquie
59%
Arabie Saoudite | Iran | Jordanie | Koweït | Syrie | TurquieIrak
58%
Égypte | Érythrée | Éthiopie | Libye | République Centrafricaine |
Soudan du Sud | Tchad
Soudan
58%
Biélorussie | Hongrie | Moldavie | Pologne | Roumanie | Russie | SlovaquieUkraine
58%
Botswana | Eswatini | Lesotho | Mozambique | Namibie | ZimbabweAfrique du Sud
57%
Birmanie | IndeBangladesh
57%
Croatie | Monténégro | SerbieBosnie-Herzégovine
57%
Nicaragua | PanamaCosta Rica
57%
Arabie Saoudite | Irak | Israël | SyrieJordanie
57%
Albanie | Macédoine du Nord | Monténégro | SerbieKosovo
57%
Albanie | Bulgarie | Grèce | Kosovo | SerbieMacédoine du Nord
57%
Birmanie | Cambodge | Laos | MalaisieThaïlande
57%
Guatemala | Nicaragua | SalvadorHonduras
56%
Malaisie | Papouasie-Nouvelle- Guinée | Timor orientalIndonésie
56%
Albanie | Bosnie-Herzégovine | Croatie | Kosovo | SerbieMonténégro
56%
Djibouti | Éthiopie | KenyaSomalie
56%
Bosnie-Herzégovine | Bulgarie | Croatie | Hongrie | Kosovo | Macédoine du Nord |
Monténégro | Roumanie
Serbie
55%
Autriche | Hongrie | Pologne | République tchèque | UkraineSlovaquie
55%
Irak | Israël | Jordanie | Liban | TurquieSyrie
55%
Bosnie-Herzégovine | Hongrie | Monténégro | Serbie | SlovénieCroatie
54%
Érythrée | Éthiopie | SomalieDjibouti
54%
Djibouti | Érythrée | Kenya | Somalie | Soudan | Soudan du SudÉthiopie
54%
SénégalGambie
54%
Belize | Honduras | Mexique | SalvadorGuatemala
54%
Costa Rica | HondurasNicaragua
54%
Azerbaïdjan | Géorgie | Iran | TurquieArménie
53%
Arménie | Géorgie | Iran | Russie | TurquieAzerbaïdjan
53%
Autriche | Croatie | Roumanie | Serbie | Slovaquie | Slovénie | UkraineHongrie
53%
Afghanistan | Kazakhstan | Kirghizistan | Tadjikistan | TurkménistanOuzbékistan
53%
IndonésieTimor oriental | Papouasie-
Nouvelle-Guinée
53%
Guatemala | MexiqueBelize
52%
Algérie | Burkina Faso | Côte d'Ivoire | Guinée | Mauritanie | Niger | SénégalMali
52%
Guatemala | HondurasSalvador
52%
Djibouti | Éthiopie | SoudanÉrythrée
51%
Chine | Kirghizistan | Ouzbékistan | Russie | TurkménistanKazakhstan
51%
Algérie | Bénin | Burkina Faso | Libye | Mali | Nigeria | TchadNiger
51%
Grèce | Macédoine du Nord | Roumanie | Serbie | TurquieBulgarie
50%
Bénin | Cameroun | Niger | TchadNigeria
50%
Bénin | Burkina Faso | GhanaTogo
50%
Afrique du Sud | Namibie | Zambie | ZimbabweBotswana
49%
Brunei | Indonésie | ThaïlandeMalaisie
49%
Bangladesh | Chine | Inde | Laos | ThaïlandeBirmanie
48%
Afghanistan | Arménie | Azerbaïdjan | Irak | Pakistan | Turkménistan | TurquieIran
48%
Arabie Saoudite | IrakKoweït
48%
Gambie | Guinée | Guinée-Bissau | Mali | MauritanieSénégal
48%
Burkina Faso | Niger | Nigeria | TogoBénin
47%
Afrique du Sud | Angola | Botswana | ZambieNamibie
47%
Afrique du Sud | Botswana | Mozambique | ZambieZimbabwe
47%
Chine | Iran | Ouzbékistan | Pakistan | Tadjikistan | TurkménistanAfghanistan
46%
Burkina Faso | Côte d'Ivoire | TogoGhana
46%
Afrique du Sud | MozambiqueEswatini
45%
Guinée | LiberiaSierra Leone
45%
Chine | Kazakhstan | Ouzbékistan | TadjikistanKirghizistan
44%
Côte d'Ivoire | Guinée | Sierra LeoneLiberia
44%
Angola | Cameroun | Gabon | République Centrafricaine |
République démocratique du Congo
République du Congo
44%
Cameroun | Libye | Niger | Nigeria | République Centrafricaine | SoudanTchad
44%
Bénin | Côte d'Ivoire | Ghana | Mali | Niger | TogoBurkina Faso
43%
République démocratique du Congo | Rwanda | TanzanieBurundi
43%
Éthiopie | Ouganda | Somalie | Soudan du Sud | TanzanieKenya
43%
Angola | Burundi | Ouganda | République Centrafricaine | République du Congo |
Rwanda | Soudan du Sud | Tanzanie | Zambie
République démocratique
du Congo
43%
Burundi | Ouganda | République démocratique du Congo | TanzanieRwanda
43%
Afghanistan | Chine | Kirghizistan | OuzbékistanTadjikistan
43%
Afghanistan | Iran | Kazakhstan | OuzbékistanTurkménistan
43%
Cameroun | Guinée équatoriale | République du CongoGabon
42%
Cameroun | République démocratique du Congo | République du Congo |
Soudan | Soudan du Sud | Tchad
République
Centrafricaine
42%
Éthiopie | Kenya | Ouganda | République Centrafricaine |
République démocratique du Congo | Soudan
Soudan du Sud
42%
Cameroun | GabonGuinée équatoriale
41%
Afrique du Sud | Eswatini | Malawi | Tanzanie | Zambie | ZimbabweMozambique
41%
Namibie | République démocratique du Congo | République du Congo | ZambieAngola
40%
Guinée | SénégalGuinée-Bissau
40%
Gabon | Guinée équatoriale | Nigeria | République Centrafricaine | République du Congo | TchadCameroun
39%
Angola | Botswana | Malawi | Mozambique | Namibie |
République démocratique du Congo | Tanzanie | Zimbabwe
Zambie
37%
Burkina Faso | Ghana | Guinée | Liberia | MaliCôte d'Ivoire
36%
Kenya | République démocratique du Congo | Rwanda |
Soudan du Sud | Tanzanie
Ouganda
36%
Côte d'Ivoire | Guinée-Bissau | Liberia | Mali | Sénégal | Sierra LeoneGuinée
32%
Mozambique | Tanzanie | ZambieMalawi
32%
Burundi | Kenya | Malawi | Mozambique | Ouganda |
République démocratique du Congo | Rwanda | Zambie
Tanzanie
32%

Distribution des résultats

Percentile par nombre de réponses

% des personnes avec chaque résultat

Votre développement - résultats

Vous n’avez pas pris ce quiz